| 000 | 00944cam a22002771 4500 | ||
|---|---|---|---|
| 001 | gs 49000300 | ||
| 003 | DLC | ||
| 005 | 20260227111355.0 | ||
| 008 | 800922s1948 no ab b 000 0 nor c | ||
| 010 | _ags 49000300 | ||
| 035 | _a(OCoLC)6740291 | ||
| 040 |
_aU.S. Geol. Survey Library _cNIC _dOCoLC _dDLC |
||
| 041 | 0 |
_anor _beng |
|
| 042 | _apremarc | ||
| 050 | 0 | 0 |
_aQE281 _b.A2 no. 171 |
| 100 | 1 | _aBugge, Jens A. W. | |
| 245 | 1 | 0 |
_aRana gruber. _bGeologisk beskrivelse av jernmalmfeltene i Dunderlandsdalen. |
| 260 |
_aOslo, _bI kommisjon hos H. Aschehoug, _c1948. |
||
| 300 |
_aviii, 149 p. _billus., 3 fold. col. maps (in pocket) _c24 cm. |
||
| 490 | 1 |
_aNorges Geologiske undersøkelse. [Skrifter] _vnr. 171 |
|
| 500 | _aSummary in English. | ||
| 504 | _a"Litteratur": p. [129]-130. | ||
| 650 | 0 |
_aIron ores _zNorway. |
|
| 650 | 0 |
_aIron mines and mining _zNorway. |
|
| 810 | 0 |
_aNorges geologiske undersøkelse. _bSkrifter ; _vnr. 171. |
|
| 999 |
_c28414 _d28414 |
||